<?xml version="1.0" encoding="UTF-8"?>
<collection xmlns="http://www.loc.gov/MARC21/slim">
 <record>
  <leader>00936nam a22002295a 4500</leader>
  <controlfield tag="001">CEM.cems021098</controlfield>
  <controlfield tag="008">240425s1993####sp############000#0#und#d</controlfield>
  <controlfield tag="005">20240425190318.0</controlfield>
  <datafield tag="245" ind1="1" ind2="0">
   <subfield code="a">Fantasmas y Malandrines /</subfield>
   <subfield code="c">Pablo Barrena ; ilustrado por Inés Luz González.</subfield>
  </datafield>
  <datafield tag="250" ind1=" " ind2=" ">
   <subfield code="a">4a ed.</subfield>
  </datafield>
  <datafield tag="260" ind1=" " ind2=" ">
   <subfield code="a">Barcelona :</subfield>
   <subfield code="b">Edebé,</subfield>
   <subfield code="c">1993.</subfield>
  </datafield>
  <datafield tag="300" ind1=" " ind2=" ">
   <subfield code="a">64 p.</subfield>
  </datafield>
  <datafield tag="490" ind1="1" ind2=" ">
   <subfield code="a">Tucán ;</subfield>
   <subfield code="v">39</subfield>
  </datafield>
  <datafield tag="500" ind1=" " ind2=" ">
   <subfield code="a">A partir de seis años.</subfield>
  </datafield>
  <datafield tag="520" ind1=" " ind2=" ">
   <subfield code="a">¡Esto es vergonzoso, inaceptable, increíble! Todas las noches, los Fantasmas se dedican a hacer maldades y pillerías en la Granja. Y lo peor es que los Malandrines se han unido a ellos. Pero, ¿es que no sabéis quiénes son los Malandrines?</subfield>
  </datafield>
  <datafield tag="020" ind1=" " ind2=" ">
   <subfield code="a">8423633659</subfield>
  </datafield>
  <datafield tag="100" ind1="1" ind2=" ">
   <subfield code="a">Barrena, Pablo.</subfield>
  </datafield>
  <datafield tag="700" ind1="1" ind2=" ">
   <subfield code="a">González, Inés Luz; il.</subfield>
  </datafield>
  <datafield tag="653" ind1=" " ind2=" ">
   <subfield code="a">Literatura española</subfield>
  </datafield>
  <datafield tag="653" ind1=" " ind2=" ">
   <subfield code="a">Literatura infantil</subfield>
  </datafield>
  <datafield tag="653" ind1=" " ind2=" ">
   <subfield code="a">Novela infantil</subfield>
  </datafield>
  <datafield tag="859" ind1=" " ind2=" ">
   <subfield code="a">CEMS</subfield>
   <subfield code="b">BIB. CEMS - Inicial y Primaria</subfield>
   <subfield code="h">863.4</subfield>
   <subfield code="i">B274</subfield>
   <subfield code="k">IP</subfield>
   <subfield code="p">3701</subfield>
   <subfield code="t">Ej.1</subfield>
  </datafield>
 </record>
</collection>
